Zdroj príjmov vo svetle zákona o daniach z príjmov

Daňová príslušnosť fyzickej a právnickej osoby. Daňovníci dane z príjmov fyzických osôb a právnických osôb. Zdroj príjmov - vecná daňová príslušnosť. Príjmy z činností vykonávaných v stálej prevádzkarni. Príjmy zo závislej činnosti vykonávanej na území SR. Príjmy zo samostatnej zárobkovej činnosti....

Description complète

Enregistré dans:
Détails bibliographiques
Auteur principal: Pantlová, Elena
Format: Chapitre de livre
Langue:slovaque
Sujets:
Tags: Ajouter un tag
Pas de tags, Soyez le premier à ajouter un tag!

MARC

LEADER 00000naa a2200000 4500
001 r032495
005 20230919081253.9
041 0 |a slo 
044 |a SK 
245 1 0 |a Zdroj príjmov vo svetle zákona o daniach z príjmov  |c Elena Pantlová 
520 |a Daňová príslušnosť fyzickej a právnickej osoby. Daňovníci dane z príjmov fyzických osôb a právnických osôb. Zdroj príjmov - vecná daňová príslušnosť. Príjmy z činností vykonávaných v stálej prevádzkarni. Príjmy zo závislej činnosti vykonávanej na území SR. Príjmy zo samostatnej zárobkovej činnosti. Príjmy z úhrad od tuzemských osôb a od stálych prevádzkarní zahraničných osôb. Praktické príklady. 
610 2 0 |a príjmy 
610 2 0 |a príjmy peňažné 
610 2 0 |a zdroje finančné 
610 2 0 |a dane z príjmov 
610 2 0 |a osoby fyzické 
610 2 0 |a osoby právnické 
610 2 0 |a osoby zahraničné 
610 2 0 |a daňovníci 
100 1 |a Pantlová, Elena